[Event "Wch U10 Girls"]
[Site "Weifang"]
[Date "2019.08.26"]
[Round "6"]
[White "Yuan, Rui"]
[Black "Khamdamova, Afruza"]
[Result "0-1"]
[WhiteElo "1008"]
[BlackElo "1607"]
[PlyCount "56"]
[EventDate "2019.08.21"]
[EventType "swiss"]
[EventRounds "11"]
[EventCountry "CHN"]
[SourceTitle "EXT 2020"]
[Source "ChessBase"]
[SourceDate "2019.10.17"]
[SourceVersion "1"]
[SourceVersionDate "2019.10.17"]
[SourceQuality "1"]

1. d4 Nf6 2. c4 e5 3. d5 Bc5 4. e3 0-0 5. Nc3 a5 6. Bd3 d6 7. Nge2 c6 8. 0-0 cxd5 9. cxd5 Ne8 10. Ng3 f5 11. Kh1 Rf6 12. f4 e4 13. Be2 Rh6 14. Qe1 Na6 15. a3 Ba7 16. Bxa6 bxa6 17. Nge2 Nf6 18. Ng3 Rb8 19. Rb1 g6 20. Bd2 Bb7 21. h3 Bxd5 22. Nxd5 Nxd5 23. Bxa5 Qh4 24. Bd2 Rb3 25. Rg1 Nxe3 26. Bc3 Nxg2 27. Rxg2 Qxh3+ 28. Rh2 Qxh2# 0-1